000 00322nam a2200133Ia 4500
005 20251222143302.0
008 251222s9999||||xx |||||||||||||| ||spa||
020 _a84-7112-445-9
082 _a379.158/G46
100 _aGimeno Sacristán, José
245 0 _aLa Educación Obligatoria:
264 _bMorata
942 _cLIB
999 _c15358
_d15358